Normal view MARC view
  • Alfred V. Aho, John E. Hopcroft, Jeffrey D. Ullman

Entry Personal Name

Number of records used in: 1

001 - CONTROL NUMBER

  • control field: 134178

003 - CONTROL NUMBER IDENTIFIER

  • control field: NUST

005 - DATE AND TIME OF LATEST TRANSACTION

  • control field: 20260416150245.0

008 - FIXED-LENGTH DATA ELEMENTS

  • fixed length control field: 260416|| aca||aabn | a|a d

040 ## - CATALOGING SOURCE

  • Original cataloging agency: NUST
  • Transcribing agency: NUST

100 ## - HEADING--PERSONAL NAME

  • Personal name: Alfred V. Aho, John E. Hopcroft, Jeffrey D. Ullman

670 ## - SOURCE DATA FOUND

  • Source citation: Work cat.: (NUST): Alfred V. Aho, John E. Hopcroft, Jeffrey D. Ullman., Data Structures and Algorithms /, 1983.
© 2023 Central Library, National University of Sciences and Technology. All Rights Reserved.